Country Capitals from 'U, V, W, Y, Z' by Images - Statistics

General Stats
  • This quiz has been taken 40 times
  • The average score is 8 of 17
Answer Stats
Picture Answer % Correct
Vientiane
70%
Zagreb
70%
Washington DC
65%
Vienna
60%
Wellington
55%
Valletta
50%
Vatican City
50%
Yerevan
50%
Ulaanbaatar
45%
Vaduz
45%
Yamoussoukro
45%
Vilnius
35%
Warsaw
35%
Yaounde
30%
Yaren
30%
Windhoek
25%
Victoria
20%
No matching quizzes found
Score Distribution
Percent of People with Each Score
Percentile by Number Answered
Your Score History
You have not taken this quiz